History of Kongu, Part 1: Pre-historic period to 1300 AD (Record no. 73793)

MARC details
000 -LEADER
fixed length control field 00437nam a2200145Ia 4500
008 - FIXED-LENGTH DATA ELEMENTS--GENERAL INFORMATION
fixed length control field 230917s9999||||xx |||||||||||||| ||und||
040 ## - CATALOGING SOURCE
-- 40186
Original cataloging agency VIVEKANANDA LIBRARY
041 ## - Language
-- English
082 ## - DDC NUMBER
Classification number 954.82 R141H
100 ## - MAIN ENTRY--PERSONAL NAME
Personal name Ramamurthy, V
245 #0 - TITLE STATEMENT
Title History of Kongu, Part 1: Pre-historic period to 1300 AD
260 ## - PUBLICATION, DISTRIBUTION, ETC. (IMPRINT)
Place of publication, distribution, etc Madras
Name of publisher, distributor, etc International Society for the Investigation of Ancient civilization
Date of publication, distribution, etc 1986
300 ## - PHYSICAL DESCRIPTION
Pages xvi, 391 p.
942 ## - ADDED ENTRY ELEMENTS (KOHA)
Koha item type Books
Holdings
Withdrawn status Lost status Damaged status Not for loan Location (home branch) Sublocation or collection (holding branch) Date acquired Koha issues (times borrowed) Koha full call number Accession No. Koha date last seen Koha item type
        VIVEKANANDA LIBRARY VIVEKANANDA LIBRARY 07/11/2002   954.82 R141H 148350 17/09/2023 Books
© Designed and Maintained by Vivekananda Library, MDU Rohtak